Integrovaná logistika, základ zvyšovania konkurencieschopnosti podniku

Uložené v:
Podrobná bibliografia
Hlavný autor: Stankovský, Peter, 1984- (Autor)
Ďalší autori: Cibulka, Viliam, 1948- (Vedúci práce)
Médium: Rukopis Kniha
Jazyk:Slovak
Vydavateľské údaje: Trnava : STU v Bratislave MTF, 2012
Predmet:
On-line prístup:VAIS
Tagy: Pridať tag
Žiadne tagy, Buďte prvý, kto otaguje tento záznam!

MARC

LEADER 00000ntm a22000003a 4500
001 stu253836
005 20150617230229.0
008 120831s2012----xo------------------slo-d
040 |a STU  |b slo 
041 0 |a slo 
044 |a xo 
100 1 |a Stankovský, Peter,  |d 1984-  |4 aut  |u M4000  |U MTF Materiálovotechnologická fakulta  |T MTF Ústav priemyselného inžinierstva a manažmentu  |X 34939  |U M4000  |Y 84  |7 A000034939 
242 0 0 |a Integrated logistics as the base of raising company competitiveness  |y eng 
245 1 |a Integrovaná logistika, základ zvyšovania konkurencieschopnosti podniku  
260 |a Trnava :  |b STU v Bratislave MTF,  |c 2012 
300 |a 145 s  |c príl 
500 |a Študijný program: priemyselné manažérstvo 
500 |a Názov študijného odboru: 5.2.52 priemyselné inžinierstvo 
500 |a Školiace pracovisko: Ústav priemyselného inžinierstva, manažmentu a kvality 
500 |a Číslo študijného odboru: 2645 
650 7 |a integrated logistics  |2 estusub 
650 7 |a integrovaná logistika  |2 stusub 
650 7 |a priemyselné manažérstvo  |2 stusub 
650 7 |a Industrial Management  |2 estusub 
700 1 |a Cibulka, Viliam,  |d 1948-  |4 ths  |u M190  |U MTF Materiálovotechnologická fakulta  |T MTF Katedra priemyselného inžinierstva a manažmentu  |X 37983  |U M190  |Y 167  |7 A000037983 
856 4 |a info a plný text  |u http://is.stuba.sk/zp/portal_zp.pl?podrobnosti=66796  |3 VAIS 
996 |c M*DzP-338  |l MMSKP  |s P  |a 0  |w stu253836_0001